Statistics for Famous Toms in Movies

Click here to take the quiz!

General Stats

  • This quiz has been taken 49 times
  • The average score is 7 of 15

Answer Stats

ClueAnswer% Correct
Rain Man, A Few Good Men, Minority ReportTom Cruise
98%
Philadelphia, Splash, Road to PerditionTom Hanks
98%
Warrior, The Dark Knight Rises, The RevenantTom Hardy
70%
Quigley Down Under, Three Men and a Baby, Mr. BaseballTom Selleck
70%
Midnight in Paris, War Horse, Crimson PeakTom Hiddleston
57%
In the Heart of the Sea, The Lost City of Z, The Current WarTom Holland
43%
True Lies, The Stupids, McHale’s NavyTom Arnold
41%
Platoon, Gettysburg, Training DayTom Berenger
41%
Harry Potter and the Chamber of Secrets, Belle, RisenTom Felton
36%
Freddy Got Fingered, Road Trip, Charlie’s AngelsTom Green
30%
Amadeus, The Hunchback of Notre Dame, ParenthoodTom Hulce
30%
Heat, Saving Private Ryan, Born on the Fourth of JulyTom Sizemore
30%
Rush Hour, The Patriot, Michael ClaytonTom Wilkinson
27%
Pride & Prejudice, Bohemian Rhapsody, Pirates of the Caribbean: At Worlds EndTom Hollander
18%
Alien, Contact, A River Runs Through ItTom Skerritt
18%

Score Distribution

Percentile by Number Answered

Percent of People with Each Score

Your Score History

You have not taken this quiz